000 02548cam a22004457i 4500
005 20250910142056.0
020 _a9780399562761
020 _a0399562761
082 0 4 _a612.820 3 KUR/S
082 0 4 _a
100 1 _aKurzweil, Ray,
_91166
245 1 4 _aThe singularity is nearer :
_bwhen we merge with Al /
_cby Ray Kurzweil.
246 3 0 _aWhen we merge with AI
246 3 _aWhen we merge with artificial intelligence
260 _a. - Great Britain
_b: Book head
_c, 2024
300 _axii, 419 pages :
_billustrations ;
504 _aIncludes bibliographical references (pages 313-400) and index.
520 _a"This successor volume to The Singularity Is Near explores how technology will refashion the human race in the decades to come. In this entirely new book, Ray Kurzweil brings a fresh perspective to advances in the singularity--assessing the progress of many of his predictions and examining the novel advancements that, in the near future, will bring a revolution in knowledge and an expansion of human potential. Among the topics he discusses are rebuilding the world atom by atom with devices like nanobots; radical life extension beyond the current age limit of 120; reinventing intelligence by expanding biological capacity with nonbiological intelligence in the cloud; how life is improving with declines in poverty and violence; and the growth of technologies that can be applied to everything from clothes to building materials to growing human organs. He also considers the potential perils of biotechnology, nanotechnology, and artificial intelligence, including such topics as how AI will impact unemployment and the safety of autonomous cars, and "After Life" technology, which will reanimate people who have passed away through a combination of data and DNA" --
650 0 _aBrain
_91167
650 0 _aHuman evolution.
_91168
650 0 _aGenetics.
_91169
650 0 _aNanotechnology.
_91170
650 0 _aRobotics.
_91171
650 0 _aArtificial intelligence.
_9470
650 0 _aEvolution (Biology)
_91172
650 6 _aÊtres humains
_91173
650 6 _aGénétique.
_91174
650 6 _aNanotechnologie.
_91175
650 6 _aRobotique.
_91176
650 6 _aIntelligence artificielle.
_91177
650 7 _agenetics.
_91178
650 7 _aartificial intelligence.
_9470
650 7 _aBrain.
_91167
650 7 _aEvolution.
_91179
650 7 _aGenetics.
_91169
650 7 _aArtificial intelligence.
_9470
650 7 _aNanotechnology.
_91170
650 7 _aRobots.
_91180
942 _2ddc
_cBK
999 _c751216
_d751216